Carrilero (Record no. 19163)

MARC details
000 -LEADER
campo de control de longitud fija 00644nam a2200205 i 4500
001 - NÚMERO DE CONTROL
campo de control 19163
003 - IDENTIFICADOR DE NÚMERO DE CONTROL
campo de control ES-MaACL
005 - FECHA Y HORA DE LA ÚLTIMA TRANSACCIÓN
campo de control 20230906152020.0
007 - CAMPO FIJO DE DESCRIPCIÓN FÍSICA--INFORMACIÓN GENERAL
campo de control de longitud fija t|
008 - DATOS DE LONGITUD FIJA--INFORMACIÓN GENERAL
campo de control de longitud fija 020626s1997 sp ||||1| spa d
080 ## - NÚMERO DE LA CLASIFICACIÓN DECIMAL UNIVERSAL
Número de la Clasificación Decimal Universal 75 Carrilero, Antonio
100 1# - ENTRADA PRINCIPAL--NOMBRE DE PERSONA
Nombre de persona Cela Trulock, Jorge (
Fechas asociadas al nombre 1932-2021)
9 (RLIN) 174160
245 10 - MENCIÓN DEL TÍTULO
Título Carrilero
Resto del título : paisajes, bodegones, retratos /
Mención de responsabilidad, etc. Jorge Cela Trulock.
250 ## - MENCION DE EDICION
Mención de edición 1ª ed.
260 ## - PUBLICACIÓN, DISTRIBUCIÓN, ETC.
Lugar de publicación, distribución, etc. La Roda (Ramón y Cajal, 50) :
Nombre del editor, distribuidor, etc. A. Carrilero,
Fecha de publicación, distribución, etc. 1997.
300 ## - DESCRIPCIÓN FÍSICA
Extensión 155 p. :
Otras características físicas il. col. ;
Dimensiones 29 cm.
600 14 - PUNTO DE ACCESO ADICIONAL DE MATERIA--NOMBRE DE PERSONA
Nombre de persona Carrilero, Antonio.
9 (RLIN) 35751
700 1# - ENTRADA AGREGADA--NOMBRE PERSONAL
Nombre de persona Carrilero, Antonio.
9 (RLIN) 35751
852 ## - LOCALIZACIÓN
Ubicación ES-MaACL
Número de control de estantería L-25587
Sublocalización o colección R.131563
Holdings
Estatus retirado Estado de pérdida Estado de daño No para préstamo Biblioteca de origen Biblioteca actual Ubicación en estantería Fecha de adquisición Fuente de adquisición Total de préstamos Signatura topográfica completa Código de barras Visto por última vez Precio de reemplazo Tipo de ítem Koha
        Biblioteca del Ateneo de Madrid Biblioteca del Ateneo de Madrid Depósito 2 17/01/2008     L-25587 1019607 23/02/2023 23/02/2023 Libro impreso